000 00979 a2200217 4500
003 Nust
005 20230725111544.0
010 _a 89002509
020 _a0023253916 :
040 _cNust
082 0 0 _a621.382,COU
100 1 _aCouch, Leon W.
_960581
245 1 0 _aDigital and analog communication systems /
_cLeon W. Couch II.
250 _a3rd ed.
260 _aNew York :
_bMacmillan ;
_aLondon :
_bCollier Macmillan,
_cc1990.
300 _axxix, 766 p. :
_bill. ;
_c24 cm.
505 _aIntroduction (Page-1), Signals And Noise (Page-35), Baseband Pulse And Digital Signaling (Page-121), Bandpass Signaling Techniques And Components (Page-227), Bandpass Communication Systems (Page-331), Random Processes And Spectral Analysis (Page-447), Performance Of Communication Systems Corrupted By Noise (Page-521), Optimum Digital Receivers (Page-587).
650 0 _aTelecommunication Engineering
650 0 _aTelecommunication engineering.
942 _2ddc
_cBK
_k621.382,COU
999 _c182614
_d182614